A Practial Guide to DSL /

محفوظ في:
التفاصيل البيبلوغرافية
المؤلف الرئيسي: Reynolds, Janice (autor)
التنسيق: كتاب
اللغة:الإنجليزية
منشور في: Nueva York, EUA : CMP, 2001, c2001
الموضوعات:
الوسوم: إضافة وسم
لا توجد وسوم, كن أول من يضع وسما على هذه التسجيلة!

MARC

LEADER 00000nam^a2200000^a^4500
001 000153857
005 20250521000000.0
009 20260310100333.382
020 |a 1-57820-060-1 
037 |a Acervo ITESO - Biblioteca 
041 |a ING 
082 |a 621. 38784  |b REY 
100 |a Reynolds, Janice  |e (autor) 
245 1 2 |a A Practial Guide to DSL /  |c J. Reynolds. 
264 4 |a Nueva York, EUA :  |b CMP,  |c 2001, c2001 
300 |a 248 p. 
336 |a texto  |b txt  |2 rdacontenido 
337 |a sin mediación  |b n  |2 rdamedio 
338 |a volumen  |b nc  |2 rdasoporte 
649 |a XX 
650 |a Teléfono 
650 |a Voz 
650 |a Teleconferencias 
650 |a Internet 
650 |a Líneas Telefónicas 
650 |a Señales y Transmisión de Señales 
650 |a Protocolos de Comunicación 
650 |a Redes de Comunicación 
650 |a Redes de Computadoras 
650 |a Sistemas de Telecomunicación 
650 |a Comunicación en Red 
650 |a Comunicación Inalámbrica 
650 |a Tecnologías de Comunicación e Información 
650 |a Telecomunicaciones 
650 |a Ingeniería Computacional 
650 |a Ingeniería Electrónica 
910 |a Fondo General 
920 |a Impresos - Libros 
930 |a Colección General 
905 |a 101 
901 |a 0500085645  |b IT1  |c ACC  |u 20250521 
902 |a https://opac.biblio.iteso.mx/vufind/Record/000153857